000 00640nam a2200241Ia 4500
003 OSt
005 20220918172326.0
006 a|||||r|||| 00| 0
007 ta
008 220917b |||||||| |||| 00| 0 eng d
024 _a274
037 _cTextual
040 _aARTS
_cARTS
_beng
041 _2eng
_aeng
082 _aO:6xJ6, J1
100 _aHibbard G R.
_923807
245 0 _aThree Elizabethan pamphlets
260 _c1951
490 _aLife literature and thought library ed by Vivian De Sola Pinton
650 _aENGLISH LITERATURE
942 _hO:6xJ6, J1
_cTEXL
_2CC
999 _c143515
_d143515